| 000 | 00679nam a22001937a 4500 | ||
|---|---|---|---|
| 999 |
_c15125 _d15125 |
||
| 003 | OSt | ||
| 082 | _2664 ALF/PR | ||
| 088 | _aP 343 | ||
| 100 |
_aALFONSA JAMES _93589 |
||
| 245 | _aProduction of kokum juice powder using spray drying technology | ||
| 260 |
_aTavanur 2016 _bDepartment of Food and Agricultural Process Engineering |
||
| 300 | _a59 | ||
| 500 | _aProduction of kokum juice powder using spray drying technology | ||
| 520 | _aProduction of kokum juice powder using spray drying technology | ||
| 700 |
_aAmrutha K _93590 |
||
| 700 |
_aDr. Sudheer K. P (Guide) _93859 |
||
| 856 | _uhttps://drive.google.com/open?id=1dQLQbbjYb9JYIH_tO-MKkHmomSxATUqn | ||
| 942 | _cPR | ||